000 00629nam a2200169Ia 4500
003 GCL
008 140319s9999 xx 000 0 ara d
040 _aGCL /
_cGCL
082 0 4 _a923.2
_bل م
100 1 _aاللجنةالمركزية لحزب العمل الكو
245 1 0 _aموجز تاريخ النشاط الثورى للرفيق كيم ايل سونغ (هدية من الاديب عبدالفتاح الجمل) /
_cاللجنةالمركزية لحزب العمل الكو
490 _a
650 0 4 _aالمقاومة الشعبية
650 0 4 _aكيم ايل سونغ
650 0 4 _aكوريا
942 _2ddc
_cBK
999 _c40226
_d40226